000 00951nam a22002297a 4500
008 081126t xxu||||| |||| 00| 0 eng d
010 _aENG-91856
020 _a9788120738591
_c200.00
035 _aEN-75389
037 _bDBAD / PUB
040 _adpl
_bEnglish
082 _a230.35
245 _aBaba's Vaani:
_ccompiled by Vinny Chitluri
_bhis sayings and teachings /
260 _aNew Delhi
_bSterling Paperbacks
_c2008
270 _aA-59, Okhla Industrial Area, Phase-II,
_bNew Delhi
_e110020
300 _axii, 164p.
_c23cm (pbk)
_bcol. photos
600 _aSri Sai Baba, 1836-1918
_xTeachings
_z( Maharashtra ) India
650 _aHindu saints
_xwords
_z( Maharashtra ) India
700 _aChitluri, Vinny
942 _2ddc
_cEN
_mBAB
_h230.35
999 _c19176
_d19176